| 000 | 00436nam a22001457a 4500 | ||
|---|---|---|---|
| 020 | _a969-35-1227-8 | ||
| 040 | _cNUST | ||
| 082 | _a891.4397,REH | ||
| 100 |
_aRehman, Shafiq ur _934705 |
||
| 245 |
_aMazeed Hamaqatain / مزید حماقتیں (Urdu) / _cShafiq ur Rehman |
||
| 260 |
_aLahore _bSang e Mell _c2016 |
||
| 300 | _a287 p.; | ||
| 650 |
_aUrdu Literature _xEssays and short stories _9110455 |
||
| 942 |
_2ddc _cBK _k891.4397,REH |
||
| 999 |
_c591315 _d591315 |
||